00399nam a2200109Ia 4500008004100000020002200041100003000063245009400093260004400187300002700231650003100258200918s9999 xx 000 0 und d a978-971-967-696-6 aRosales, Renato De Guzman cRenato de Guzman RosalesaJose Rizal:bpoeta novelista de la literatura hispano filipina/ aManila:bJimczyville Publicationsc2018 axiv, 172 pagesc23 cm. aRizal, Jose -- Philippines